[Event "Bremen Silvester op"]
[Site "Bremen"]
[Date "2017.12.27"]
[Round "2"]
[White "Pahl, Erik"]
[Black "Block, Timo"]
[Result "1/2-1/2"]
[WhiteElo "1794"]
[BlackElo "1751"]
[PlyCount "73"]
[EventDate "2017.12.27"]
[EventType "swiss"]
[EventRounds "7"]
[EventCountry "GER"]
[SourceTitle "CBM 182 Extra"]
[Source "ChessBase"]
[SourceDate "2018.02.23"]
[SourceVersion "1"]
[SourceVersionDate "2018.02.23"]
[SourceQuality "1"]

1. e4 e5 2. Nc3 Nf6 3. g3 Nc6 4. Bg2 Bc5 5. Nge2 Ng4 6. 0-0 Qf6 7. Qe1 Nb4 8. Nd5 Nxd5 9. exd5 d6 10. d4 exd4 11. Nxd4+ Kd8 12. Nf3 h6 13. a4 Re8 14. Qd1 Bf5 15. c3 Be4 16. b4 Bxf2+ 17. Rxf2 Nxf2 18. Kxf2 Qxc3 19. Ra3 Qxb4 20. Re3 Qc5 21. Bb2 Bc2 22. Qe2 Bxa4 23. Bxg7 Bb5 24. Qd2 a5 25. Nd4 Rxe3 26. Qxe3 a4 27. Bh3 c6 28. Bf6+ Kc7 29. Nxb5+ cxb5 30. Bd4 Qc2+ 31. Kf3 Qb3 32. Qxb3 axb3 33. Bf5 Ra2 34. h4 b2 35. Kf4 Ra4 36. Ke3 Rb4 37. Bb1 1/2-1/2

[Event "Niedersachsen-ch op-C"]
[Site "Verden"]
[Date "2017.01.07"]
[Round "6"]
[White "Block, Timo"]
[Black "Lau, Robert1111"]
[Result "1-0"]
[WhiteElo "1650"]
[BlackElo "1797"]
[PlyCount "83"]
[EventDate "2017.01.05"]
[EventType "swiss"]
[EventRounds "7"]
[EventCountry "GER"]
[SourceTitle "CBM 187 Extra"]
[Source "ChessBase"]
[SourceDate "2018.11.04"]
[SourceVersion "1"]
[SourceVersionDate "2018.11.04"]
[SourceQuality "1"]

1. e4 e5 2. Nf3 d6 3. Nc3 c6 4. Bc4 Be7 5. d4 Bg4 6. dxe5 f6 7. exd6 Bxd6 8. Qd3 Bxf3 9. Qxf3 Qc7 10. h3 Nd7 11. Bxg8 Rxg8 12. Qh5+ g6 13. Qxh7 0-0-0 14. Bd2 Rh8 15. Qxg6 Rdg8 16. Qf5 Rxg2 17. 0-0-0 Rhg8 18. h4 Bh2 19. h5 Qe5 20. Qxe5 Nxe5 21. Rdf1 Rh8 22. h6 Ng4 23. Nd1 Be5 24. Ne3 Nxe3 25. Bxe3 b6 26. Rfg1 Rgg8 27. b3 Rxg1+ 28. Rxg1 Bd6 29. Rg6 Be5 30. Kd2 Kd8 31. Ke2 Ke8 32. Kf3 Kf7 33. Rg7+ Kf8 34. Rxa7 Kg8 35. Kg4 Rh7 36. Rxh7 Kxh7 37. Kf5 b5 38. f4 Bc3 39. e5 Kxh6 40. Kxf6 Kh7 41. Kf7 Bb4 42. e6 1-0

[Event "Niedersachsen-ch op-C"]
[Site "Verden"]
[Date "2017.01.05"]
[Round "1"]
[White "Lossin, Charlotte"]
[Black "Block, Timo"]
[Result "0-1"]
[WhiteElo "1303"]
[BlackElo "1650"]
[PlyCount "104"]
[EventDate "2017.01.05"]
[EventType "swiss"]
[EventRounds "7"]
[EventCountry "GER"]
[SourceTitle "CBM 187 Extra"]
[Source "ChessBase"]
[SourceDate "2018.11.04"]
[SourceVersion "1"]
[SourceVersionDate "2018.11.04"]
[SourceQuality "1"]

1. d4 d5 2. c4 e6 3. Nc3 c6 4. Nf3 dxc4 5. e3 b5 6. a4 Bb4 7. Bd2 Bxc3 8. Bxc3 a5 9. d5 Nf6 10. dxc6 b4 11. Qxd8+ Kxd8 12. Rd1+ Ke7 13. Bxf6+ gxf6 14. Bxc4 Nxc6 15. Rc1 Bb7 16. Bb5 Rac8 17. Ke2 Rhg8 18. Rhd1 Rxg2 19. Rc5 Rgg8 20. Bxc6 Rxc6 21. Rxa5 Rc2+ 22. Nd2 Rxb2 23. Ra7 Rb8 24. Rc1 Kd8 25. Rd1 Kc7 26. Ke1 Kb6 27. Nc4+ Kxa7 28. Nxb2 Bd5 29. Rc1 Kb6 30. Kd2 Rd8 31. Rg1 Ka5 32. Rg7 Be4+ 33. Kc1 Bg6 34. e4 Rc8+ 35. Kd1 b3 36. f3 Rc2 37. Nd3 Kxa4 38. Rg8 Bh5 39. Ra8+ Kb5 40. Ne1 Rxh2 41. Kc1 b2+ 42. Kb1 Rh1 43. Kxb2 Rxe1 44. Rb8+ Kc6 45. Rc8+ Kd7 46. Ra8 Bxf3 47. Ra7+ Ke8 48. Ra8+ Ke7 49. Ra7+ Kf8 50. Ra8+ Kg7 51. Ra3 Bxe4 52. Rg3+ Bg6 0-1

[Event "Hannover Ihme Cup"]
[Site "Hannover"]
[Date "2016.05.21"]
[Round "3"]
[White "Block, Timo"]
[Black "Collmann, Tom"]
[Result "1-0"]
[WhiteElo "1727"]
[BlackElo "1400"]
[PlyCount "73"]
[EventDate "2016.05.20"]
[EventType "swiss"]
[EventRounds "5"]
[EventCountry "GER"]
[SourceTitle "CBM 189 Extra"]
[Source "ChessBase"]
[SourceDate "2019.06.03"]
[SourceVersion "1"]
[SourceVersionDate "2019.06.03"]
[SourceQuality "1"]

1. e4 c5 2. c3 d5 3. exd5 Qxd5 4. d4 cxd4 5. cxd4 Nc6 6. Nf3 Nf6 7. Nc3 Qa5 8. Bd2 Bg4 9. Bb5 Rc8 10. 0-0 a6 11. Bxc6+ Rxc6 12. Rc1 Qd8 13. Be3 g6 14. h3 Be6 15. Ne5 Rd6 16. Qf3 Nd5 17. Ne4 Rb6 18. Nc5 f6 19. Ned3 Nxe3 20. fxe3 Bd5 21. e4 Bf7 22. d5 Bg7 23. Qg4 f5 24. exf5 Qxd5 25. fxg6 Bxg6 26. Kh1 h5 27. Qe2 Rf8 28. Rxf8+ Kxf8 29. Nf4 Qf5 30. Nxg6+ Rxg6 31. Rf1 Qxf1+ 32. Qxf1+ Ke8 33. Qf5 Rd6 34. Qxh5+ Kf8 35. Qf3+ Kg8 36. Qb3+ Kf8 37. Ne6+ 1-0

[Event "Niedersachsen-ch op-C"]
[Site "Verden"]
[Date "2016.01.03"]
[Round "2"]
[White "Block, Timo"]
[Black "Brandes, Janis"]
[Result "1-0"]
[WhiteElo "1269"]
[BlackElo "1114"]
[PlyCount "119"]
[EventDate "2016.01.03"]
[EventType "swiss"]
[EventRounds "7"]
[EventCountry "GER"]
[SourceTitle "EXT 2018"]
[Source "ChessBase"]
[SourceDate "2017.10.13"]
[SourceVersion "1"]
[SourceVersionDate "2017.10.13"]
[SourceQuality "1"]

1. e4 e6 2. d4 d5 3. e5 c5 4. c3 Nc6 5. Nf3 Qb6 6. Be2 Bd7 7. 0-0 cxd4 8. cxd4 Nge7 9. Nc3 Nf5 10. Na4 Qc7 11. Be3 Be7 12. a3 0-0 13. b4 a6 14. Rc1 b5 15. Nc5 Bxc5 16. Rxc5 Rac8 17. Qd2 Rfd8 18. Bg5 Re8 19. g4 Nfe7 20. h4 Qb8 21. h5 Nd8 22. h6 g6 23. Qf4 f5 24. exf6 Qxf4 25. Bxf4 Nec6 26. Rfc1 Nb7 27. Ne5 Nxc5 28. f7+ Kf8 29. fxe8Q+ Kxe8 30. Nxc6 Ne4 31. Ne5 Rxc1+ 32. Bxc1 Nc3 33. Kf1 Bc8 34. f3 Ke7 35. Ke1 Kf6 36. Bd1 Bb7 37. Bb2 Nxd1 38. Kxd1 Bc8 39. Bc1 Bb7 40. f4 Bc8 41. Bd2 Bb7 42. Ke2 Bc8 43. Kf3 Bb7 44. Be1 Ke7 45. Bh4+ Kf8 46. Bd8 Ke8 47. Bc7 Ke7 48. Kg3 Bc8 49. Kh4 Ke8 50. Kg5 Ke7 51. Nxg6+ Kf7 52. Ne5+ Kg8 53. Kf6 Kf8 54. g5 Ke8 55. Kg7 Ke7 56. Kxh7 Kf8 57. g6 Ke7 58. g7 Kf6 59. g8Q Bb7 60. Qf7# 1-0